KING SOLOMON'S MINES (Record no. 387)
[ view plain ]
| 000 -LEADER | |
|---|---|
| fixed length control field | 00326nam a22001337a 4500 |
| 020 ## - INTERNATIONAL STANDARD BOOK NUMBER | |
| ISBN | 81-7826-307-6 |
| 082 ## - DEWEY DECIMAL CLASSIFICATION NUMBER | |
| Classification number | 823 |
| Item number | HAG/K |
| 245 ## - TITLE STATEMENT | |
| Title | KING SOLOMON'S MINES |
| Remainder of title | SHORT STORY |
| 246 ## - VARYING FORM OF TITLE | |
| Title proper/short title | KING SOLOMONS MINES |
| Remainder of title | SHORT STORY |
| 260 ## - PUBLICATION, DISTRIBUTION, ETC. (IMPRINT) | |
| Place of publication | DELHI |
| Name of publisher | ROHAN BOOK COMPANY |
| 300 ## - PHYSICAL DESCRIPTION | |
| Number of Pages | 224 |
| 520 ## - SUMMARY, ETC. | |
| Summary, etc | CHILDRENS SHORT STORY |
| 942 ## - ADDED ENTRY ELEMENTS (KOHA) | |
| Koha item type | Books |
| Withdrawn status | Lost status | Collection code | Home library | Current library | Shelving location | Date acquired | Source of acquisition | Cost, normal purchase price | Full call number | Accession Number | Koha item type |
|---|---|---|---|---|---|---|---|---|---|---|---|
| Fiction | Main Library | Main Library | On Display | 06/04/2006 | Purchase | 30.00 | 823 HAG/K | 02388 | Books | ||
| Fiction | Main Library | Main Library | SHELF 4-J ENGLISH SHORT STORIES | 08/02/2002 | Purchase | 35.00 | 823 HAG/K | 00176 | Books |